ARRUPE JESUIT UNIVERSITY

CORONAVIRUS -STOP THE SPREAD - CLEAN,DISINFECT,COVER

African religion defined : (Record no. 122013)

MARC details
000 -LEADER
fixed length control field 01464cam a2200385 a 4500
001 - CONTROL NUMBER
control field 10392229
003 - CONTROL NUMBER IDENTIFIER
control field ARRUPE
005 - DATE AND TIME OF LATEST TRANSACTION
control field 20150312020005.0
008 - FIXED-LENGTH DATA ELEMENTS--GENERAL INFORMATION
fixed length control field 121108s2013 mdua b 001 0 eng d
020 ## - INTERNATIONAL STANDARD BOOK NUMBER
International Standard Book Number 0761860576 (pbk. : alk. paper)
020 ## - INTERNATIONAL STANDARD BOOK NUMBER
International Standard Book Number 9780761860570 (pbk. : alk. paper)
024 ## - OTHER STANDARD IDENTIFIER
Standard number or code 99954509249
035 ## - SYSTEM CONTROL NUMBER
System control number (OCoLC)ocn816563951
035 ## - SYSTEM CONTROL NUMBER
System control number (OCoLC)816563951
035 ## - SYSTEM CONTROL NUMBER
System control number (NNC)10392229
040 ## - CATALOGING SOURCE
Original cataloging agency YDXCP
Transcribing agency YDXCP
Modifying agency BTCTA
-- OCLCQ
-- BDX
-- BWX
-- HLS
-- NGU
-- NhCcYBP
043 ## - GEOGRAPHIC AREA CODE
Geographic area code f-gh---
-- f-iv---
050 #4 - LIBRARY OF CONGRESS CALL NUMBER
Classification number BL2480.A4
Item number E64 2013
082 04 - DEWEY DECIMAL CLASSIFICATION NUMBER
Classification number 299.6/83385
Edition number 23
300 ## - PHYSICAL DESCRIPTION
Other physical details ill. ;
Dimensions 23 cm.
100 1# - MAIN ENTRY--PERSONAL NAME
Personal name Ephirim-Donkor, Anthony.
9 (RLIN) 15013
245 10 - TITLE STATEMENT
Title African religion defined :
Remainder of title a systematic study of ancestor worship among the Akan /
Statement of responsibility, etc Anthony Ephirim-Donkor.
250 ## - EDITION STATEMENT
Edition statement 2nd ed.
260 ## - PUBLICATION, DISTRIBUTION, ETC. (IMPRINT)
Place of publication, distribution, etc Lanham, Md. :
Name of publisher, distributor, etc University Press of America,
Date of publication, distribution, etc c2013.
300 ## - PHYSICAL DESCRIPTION
Extent x, 208 p. :
504 ## - BIBLIOGRAPHY, ETC. NOTE
Bibliography, etc Includes bibliographical references (p. [203]-204) and index.
505 0# - FORMATTED CONTENTS NOTE
Formatted contents note Cosmology -- Ancestor worship -- Witchcraft -- Sacrifices -- Living ancestors -- The ancestors' stool.
650 #0 - SUBJECT ADDED ENTRY--TOPICAL TERM
Topical term or geographic name as entry element Akan (African people)
General subdivision Religion.
9 (RLIN) 14949
650 #0 - SUBJECT ADDED ENTRY--TOPICAL TERM
Topical term or geographic name as entry element Ancestor worship
Geographic subdivision Ghana.
9 (RLIN) 15014
650 #0 - SUBJECT ADDED ENTRY--TOPICAL TERM
Topical term or geographic name as entry element Ancestor worship
Geographic subdivision Côte d'Ivoire.
9 (RLIN) 15015
651 #0 - SUBJECT ADDED ENTRY--GEOGRAPHIC NAME
Geographic name Ghana
General subdivision Religious life and customs.
9 (RLIN) 15016
651 #0 - SUBJECT ADDED ENTRY--GEOGRAPHIC NAME
Geographic name Côte d'Ivoire
General subdivision Religious life and customs.
9 (RLIN) 15017
942 ## - ADDED ENTRY ELEMENTS (KOHA)
Source of classification or shelving scheme Library of Congress Classification
Koha item type Monograph ( Printed materials)
Koha issues (borrowed), all copies 2
948 1# - LOCAL PROCESSING INFORMATION (OCLC); SERIES PART DESIGNATOR (RLIN)
Series part designator, SPT (RLIN) 20130807
b (OCLC) c
c (OCLC) dk2679
d (OCLC) MPS
Holdings
Withdrawn status Lost status Source of classification or shelving scheme Damaged status Not for loan Collection code Home library Current library Shelving location Date acquired Total Checkouts Full call number Barcode Date last seen Date checked out Price effective from Koha item type
    Library of Congress Classification     Main Collection ARRUPE LIBRARY ARRUPE LIBRARY Main Collection 10/02/2015 6 BL2480.A4 E63 2013 46500002974 01/03/2024 06/02/2024 10/02/2015 Monograph ( Printed materials)

 

Arrupe Library. PO Box MP320 Mt Pleasant, Harare, Zimbabwe
263 242 745411|librarian@aju.ac.zw